Spacecraft preliminary configuration and sizing / (رقم التسجيلة. 85881)

تفاصيل مارك
000 -LEADER
fixed length control field 012860000a22003250004500
003 - CONTROL NUMBER IDENTIFIER
control field EG-GICUC
005 - DATE AND TIME OF LATEST TRANSACTION
control field 20250223033010.0
008 - FIXED-LENGTH DATA ELEMENTS--GENERAL INFORMATION
fixed length control field 070422s2007 ua f m 000 0 Eng d
040 ## - CATALOGING SOURCE
Original cataloging agency EG-GICUC
Language of cataloging eng
Transcribing agency EG-GICUC
041 0# - LANGUAGE CODE
Language code of text/sound track or separate title Eng
049 ## - LOCAL HOLDINGS (OCLC)
Holding library Deposite
097 ## - Thesis Degree
Thesis Level M.Sc
099 ## - LOCAL FREE-TEXT CALL NUMBER (OCLC)
Classification number Cai01.13.01.M.Sc.2007.Ha.S
100 0# - MAIN ENTRY--PERSONAL NAME
Personal name Hazem Ibrahim Soltan
245 10 - TITLE STATEMENT
Title Spacecraft preliminary configuration and sizing /
Statement of responsibility, etc. Hazem Ibrahim Soltan ; Supervised Gamal M.Elbayoumi , Ayman Hamdy Kassem
246 15 - VARYING FORM OF TITLE
Title proper/short title هيكلة وتحجيم الاقمار الصناعية
260 ## - PUBLICATION, DISTRIBUTION, ETC.
Place of publication, distribution, etc. Cairo :
Name of publisher, distributor, etc. Hazem Ibrahim Soltan ,
Date of publication, distribution, etc. 2007
300 ## - PHYSICAL DESCRIPTION
Extent 386P ;
Dimensions 30cm
502 ## - DISSERTATION NOTE
Dissertation note Thesis (M.Sc.) - Cairo University - Faculty Of Engineering - Department Of Aerospace Engineering
520 ## - SUMMARY, ETC.
Summary, etc. This research describes the methodology and decision making involed in the process of spacecraft preliminary configuration and sizing this process depends on knowledge Engineering techniques
530 ## - ADDITIONAL PHYSICAL FORM AVAILABLE NOTE
Additional physical form available note Issued also as CD
653 #4 - INDEX TERM--UNCONTROLLED
Uncontrolled term Configuration
653 #4 - INDEX TERM--UNCONTROLLED
Uncontrolled term Space mission
700 0# - ADDED ENTRY--PERSONAL NAME
Personal name Ayman Hamdy Kassem ,
Relator term
700 0# - ADDED ENTRY--PERSONAL NAME
Personal name Gamal M.Elbayoumi ,
Relator term
856 ## - ELECTRONIC LOCATION AND ACCESS
Uniform Resource Identifier <a href="http://172.23.153.220/th.pdf">http://172.23.153.220/th.pdf</a>
905 ## - LOCAL DATA ELEMENT E, LDE (RLIN)
Cataloger Aml
Reviser Cataloger
905 ## - LOCAL DATA ELEMENT E, LDE (RLIN)
Cataloger Esam
Reviser Revisor
942 ## - ADDED ENTRY ELEMENTS (KOHA)
Source of classification or shelving scheme Dewey Decimal Classification
Koha item type Thesis
المقتنيات
Source of classification or shelving scheme Not for loan Home library Current library Date acquired Full call number Barcode Date last seen Koha item type Copy number
Dewey Decimal Classification   المكتبة المركزبة الجديدة - جامعة القاهرة قاعة الرسائل الجامعية - الدور الاول 11.02.2024 Cai01.13.01.M.Sc.2007.Ha.S 01010110046912000 22.09.2023 Thesis  
Dewey Decimal Classification   المكتبة المركزبة الجديدة - جامعة القاهرة مخـــزن الرســائل الجـــامعية - البدروم 11.02.2024 Cai01.13.01.M.Sc.2007.Ha.S 01020110046912000 22.09.2023 CD - Rom 46912.CD
Cairo University Libraries Portal Implemented & Customized by: Eng. M. Mohamady Contacts: new-lib@cl.cu.edu.eg | cnul@cl.cu.edu.eg
CUCL logo CNUL logo
© All rights reserved — Cairo University Libraries
CUCL logo
Implemented & Customized by: Eng. M. Mohamady Contact: new-lib@cl.cu.edu.eg © All rights reserved — New Central Library
CNUL logo
Implemented & Customized by: Eng. M. Mohamady Contact: cnul@cl.cu.edu.eg © All rights reserved — Cairo National University Library